00000000nam##2200000za#4500
0019.590387
003CaOODSP
00520210624200112
007cr |||||||||||
008150406|2014||||xxc|||||o    f|0| 0 eng|d
020 |a978-1-100-54883-8
040 |aCaOODSP|beng
041 |aeng
041 |afre
043 |an-cn---
0861 |aFR4-2014/29-PDF
1101 |aCanada.|bForeign Affairs, Trade and Development Canada.
24510|aSerbia / Social security : |h[electronic resource]|bAgreement on Social Security between Canada and the Republic of Serbia, done at Belgrade on 12 April 2013, in force: 1 December 2014
260 |aOttawa - Ontario : |bForeign Affairs, Trade and Development Canada |cc2014.
300 |a38p.
4901 |aTreaty series|v2014/29
590 |a15-10|b2015-03-06
69007|aSocial security|2gcpds
792 |tSerbie / Sécurité sociale : |efre|w(CaOODSP)9.590388
830#0|aTreaty series ;|v2014/29|w(CaOODSP)9.500661
85640|ahttp://publications.gc.ca|qPDF|s109 KB|uhttps://publications.gc.ca/collections/collection_2015/maecd-dfatd/FR4-2014-29.pdf|y2014/29